[Event "Carvalho Memorial op"]
[Site "Juazeiro do Norte"]
[Date "2022.07.24"]
[Round "4"]
[White "Lopes, Francisco Bernadino"]
[Black "Farias, Luiz Jadir Pinto"]
[Result "1-0"]
[WhiteElo "1374"]
[BlackElo "1440"]
[PlyCount "95"]
[EventDate "2022.07.22"]
[EventType "swiss"]
[EventRounds "5"]
[EventCountry "BRA"]
[SourceTitle "EXT 2024"]
[Source "ChessBase"]
[SourceDate "2023.10.10"]
[SourceVersion "1"]
[SourceVersionDate "2023.10.10"]
[SourceQuality "1"]

1. e4 g6 2. Nf3 Bg7 3. Bc4 e6 4. d3 Nc6 5. a3 b6 6. 0-0 Bb7 7. Bg5 f6 8. Bh4 g5 9. Bg3 h5 10. h4 g4 11. Nh2 Nge7 12. c3 Ne5 13. Bb3 d5 14. d4 Nf7 15. exd5 Nxd5 16. Qe2 Qd7 17. Re1 0-0-0 18. Qxe6 Qxe6 19. Rxe6 Rhe8 20. Rxe8 Rxe8 21. Kf1 Bh6 22. Bc2 Ba6+ 23. c4 Nd6 24. b3 Nxc4 25. Kg1 Re1+ 26. Nf1 Nce3 27. fxe3 Bxe3+ 28. Kh2 Rxf1 29. Ra2 Bg1+ 30. Kh1 Bxd4+ 31. Kh2 Be3 32. Be4 Bb7 33. Nd2 Nc3 34. Bxb7+ Kxb7 35. Nxf1 Nxa2 36. Nxe3 Nc1 37. b4 Nd3 38. Nd5 f5 39. Kg1 c6 40. Nf6 f4 41. Bf2 g3 42. Bd4 c5 43. bxc5 bxc5 44. Bc3 Kc6 45. Nxh5 Kd5 46. Nf6+ Kc4 47. Ne4 a6 48. h5 1-0

[Event "Joao Pessoa Fischer Memorial 11th"]
[Site "Joao Pessoa"]
[Date "2022.05.06"]
[Round "2"]
[White "Barros, Rebeca Lopes de Sou"]
[Black "Farias, Luiz Jadir Pinto"]
[Result "1-0"]
[WhiteElo "1673"]
[BlackElo "1428"]
[PlyCount "65"]
[EventDate "2022.05.06"]
[EventType "swiss"]
[EventRounds "6"]
[EventCountry "BRA"]
[SourceTitle "EXT 2023"]
[Source "ChessBase"]
[SourceDate "2022.10.05"]
[SourceVersion "1"]
[SourceVersionDate "2022.10.05"]
[SourceQuality "1"]

1. e4 c5 2. Nf3 d6 3. d4 cxd4 4. Nxd4 g6 5. Be2 Bg7 6. Nc3 Nf6 7. Be3 0-0 8. Qd2 Nbd7 9. Bh6 Nc5 10. Bxg7 Kxg7 11. f3 Qb6 12. 0-0-0 a5 13. a4 Bd7 14. Ndb5 Rac8 15. Qd4 Bxb5 16. Bxb5 Kg8 17. e5 dxe5 18. Qxe5 Ne6 19. Rd2 Rc5 20. Qe2 Qc7 21. Rhd1 Qf4 22. g3 Qc7 23. Ne4 Nxe4 24. Qxe4 Rc8 25. Bd7 Nd4 26. Bxc8 Nb3+ 27. Kb1 Nxd2+ 28. Rxd2 Qxc8 29. Qxe7 Kg7 30. Rd8 Qf5 31. Qf8+ Kf6 32. Rd6+ Kg5 33. h4+ 1-0

[Event "Joao Pessoa Fischer Memorial 11th"]
[Site "Joao Pessoa"]
[Date "2022.05.06"]
[Round "1"]
[White "Farias, Luiz Jadir Pinto"]
[Black "Silva, Carolina Alves"]
[Result "0-1"]
[WhiteElo "1428"]
[BlackElo "1860"]
[PlyCount "48"]
[EventDate "2022.05.06"]
[EventType "swiss"]
[EventRounds "6"]
[EventCountry "BRA"]
[SourceTitle "EXT 2023"]
[Source "ChessBase"]
[SourceDate "2022.10.05"]
[SourceVersion "1"]
[SourceVersionDate "2022.10.05"]
[SourceQuality "1"]

1. d4 Nf6 2. c4 e6 3. Nc3 d5 4. Nf3 Be7 5. e3 0-0 6. Be2 c5 7. 0-0 Nc6 8. b3 dxc4 9. Bxc4 cxd4 10. exd4 Qa5 11. Bb2 Rd8 12. Qc2 Nxd4 13. Nxd4 Rxd4 14. Rad1 Rh4 15. Be2 Bd7 16. Bf3 Bc6 17. Qe2 Bxf3 18. Qxf3 Qe5 19. Qg3 Qh5 20. Rfe1 Ng4 21. Ne4 Rxh2 22. Qh3 Rxh3 23. Ng3 Rxg3 24. fxg3 Bc5+ 0-1

[Event "Fortaleza Schoonenborch 7th"]
[Site "Fortaleza"]
[Date "2020.02.06"]
[Round "1"]
[White "Farias, Luiz Jadir Pinto"]
[Black "Pinheiro, Jose Welliton"]
[Result "0-1"]
[WhiteElo "1429"]
[BlackElo "1736"]
[PlyCount "46"]
[EventDate "2020.02.06"]
[EventType "swiss"]
[EventRounds "6"]
[EventCountry "BRA"]
[SourceTitle "CBM 195 Extra"]
[Source "ChessBase"]
[SourceDate "2020.05.31"]
[SourceVersion "1"]
[SourceVersionDate "2020.05.31"]
[SourceQuality "1"]

1. d4 Nf6 2. c4 e6 3. a3 c5 4. Nf3 Qb6 5. e3 d5 6. dxc5 Bxc5 7. b4 Be7 8. c5 Qd8 9. Bb2 0-0 10. Nbd2 b6 11. Nb3 bxc5 12. Nxc5 Bxc5 13. Bxf6 Bxb4+ 14. axb4 Qxf6 15. Be2 Qc3+ 16. Nd2 Qxb4 17. 0-0 Nd7 18. Rb1 Qe7 19. Bd3 e5 20. Qh5 Nf6 21. Qh4 e4 22. Bc2 Qe5 23. f4 Qc3 0-1

[Event "Fortaleza Cearense zt"]
[Site "Fortaleza"]
[Date "2019.09.26"]
[Round "1"]
[White "Silveira, Jose Wanderley Maci"]
[Black "Farias, Luiz Jadir Pinto"]
[Result "1-0"]
[WhiteElo "1741"]
[BlackElo "1417"]
[PlyCount "113"]
[EventDate "2019.09.26"]
[EventType "swiss"]
[EventRounds "6"]
[EventCountry "BRA"]
[SourceTitle "EXT 2020"]
[Source "ChessBase"]
[SourceDate "2019.10.17"]
[SourceVersion "1"]
[SourceVersionDate "2019.10.17"]
[SourceQuality "1"]

1. e4 c5 2. Nf3 d6 3. d4 cxd4 4. Nxd4 Nf6 5. Nc3 a6 6. f3 e6 7. Be3 Be7 8. Qd2 Qc7 9. Be2 Nc6 10. Nxc6 bxc6 11. 0-0 0-0 12. b3 Bb7 13. Na4 Nd7 14. c4 Rad8 15. Rac1 Nc5 16. Nxc5 dxc5 17. Qc2 Rd7 18. Rfd1 Rfd8 19. Rxd7 Rxd7 20. Rd1 Bc8 21. Rxd7 Qxd7 22. Qd3 Qc7 23. f4 Qa5 24. Qd2 Qb4 25. Kf1 a5 26. e5 a4 27. Qxb4 cxb4 28. bxa4 c5 29. Bf3 Ba6 30. Be2 g6 31. Ke1 Kf8 32. Kd2 Ke8 33. Kc2 Kd7 34. Kb3 Bb7 35. g4 Be4 36. a3 bxa3 37. Kxa3 Kc6 38. Bd1 Bd8 39. a5 Bxa5 40. Ba4+ Kb6 41. Be8 Bd3 42. Kb3 Be2 43. h3 Bd1+ 44. Kb2 Be2 45. Bxf7 Bxc4 46. f5 gxf5 47. gxf5 Kb5 48. Be8+ Ka6 49. f6 Bc7 50. Bf4 Bd8 51. Kc3 Bf1 52. h4 Ba5+ 53. Kc2 c4 54. Bd2 Bd3+ 55. Kc1 Bd8 56. Bb4 Bb6 57. Kd2 1-0

[Event "Fortaleza Capivarol op"]
[Site "Fortaleza"]
[Date "2018.11.03"]
[Round "3"]
[White "Nunes, Moezio Correia"]
[Black "Farias, Luiz Jadir Pinto"]
[Result "1-0"]
[WhiteElo "1710"]
[BlackElo "1422"]
[PlyCount "55"]
[EventDate "2018.11.02"]
[EventType "swiss"]
[EventRounds "6"]
[EventCountry "BRA"]
[SourceTitle "CBM 187 Extra"]
[Source "ChessBase"]
[SourceDate "2018.11.04"]
[SourceVersion "1"]
[SourceVersionDate "2018.11.04"]
[SourceQuality "1"]

1. e4 d5 2. e5 e6 3. Nf3 b6 4. d4 Ba6 5. Bxa6 Nxa6 6. c4 Qd7 7. cxd5 Bb4+ 8. Nc3 exd5 9. 0-0 Ne7 10. Bg5 h6 11. Bxe7 Bxe7 12. Nxd5 c5 13. Nxe7 Kxe7 14. d5 Rhd8 15. d6+ Kf8 16. Qb3 Nb4 17. a3 Nc6 18. Rad1 Re8 19. Rfe1 Qe6 20. Qa4 Rac8 21. Qc2 Kg8 22. d7 Nd4 23. dxe8Q+ Qxe8 24. Nxd4 cxd4 25. Qe4 d3 26. Qxd3 Qe6 27. Qd7 Qc4 28. e6 1-0

[Event "Fortaleza zt CE"]
[Site "Fortaleza"]
[Date "2018.10.14"]
[Round "5.9"]
[White "Farias, Luiz Jadir Pinto"]
[Black "Costa, Francisco Sergio Vi"]
[Result "0-1"]
[WhiteElo "1434"]
[BlackElo "1508"]
[PlyCount "98"]
[EventDate "2018.10.12"]
[EventType "swiss"]
[EventRounds "6"]
[EventCountry "BRA"]
[SourceTitle "EXT 2022"]
[Source "ChessBase"]
[SourceDate "2021.10.06"]
[SourceVersion "1"]
[SourceVersionDate "2021.10.06"]
[SourceQuality "1"]

1. d4 Nf6 2. c4 c5 3. Nf3 b5 4. b3 g6 5. Qc2 b4 6. dxc5 Nc6 7. Bb2 Bg7 8. Nbd2 0-0 9. g3 Bb7 10. Bg2 Qc7 11. 0-0 Rfe8 12. Rfe1 e5 13. e4 Rad8 14. Rad1 d6 15. cxd6 Rxd6 16. c5 Rdd8 17. Nc4 Nh5 18. Nd6 Re7 19. Ng5 h6 20. Nf3 a5 21. Nd2 Ba6 22. N2c4 Bxc4 23. Qxc4 Bf6 24. Bc1 Kh7 25. Bf3 Ng7 26. Be3 Ne6 27. Qc1 Ncd4 28. Bg2 Qxc5 29. Qxc5 Nxc5 30. Nc4 a4 31. bxa4 Nxa4 32. Bxd4 exd4 33. f4 Nc3 34. Rd2 Ra7 35. e5 Be7 36. e6 f6 37. Nb6 Rxa2 38. Rxa2 Nxa2 39. Nd5 Bc5 40. Nxf6+ Kg7 41. Ne4 Be7 42. Nd2 Kf6 43. Nc4 Nc3 44. Ne5 Bc5 45. Nc6 d3+ 46. Nd4 Bxd4+ 47. Kf1 d2 48. e7 dxe1Q+ 49. Kxe1 Kxe7 0-1

[Event "Fortaleza zt CE"]
[Site "Fortaleza"]
[Date "2018.10.13"]
[Round "3.12"]
[White "Laroca, Alvaro Ney"]
[Black "Farias, Luiz Jadir Pinto"]
[Result "1-0"]
[WhiteElo "1458"]
[BlackElo "1434"]
[PlyCount "65"]
[EventDate "2018.10.12"]
[EventType "swiss"]
[EventRounds "6"]
[EventCountry "BRA"]
[SourceTitle "EXT 2022"]
[Source "ChessBase"]
[SourceDate "2021.10.06"]
[SourceVersion "1"]
[SourceVersionDate "2021.10.06"]
[SourceQuality "1"]

1. e4 d5 2. exd5 Nf6 3. c4 g6 4. d4 Bg7 5. Bf4 0-0 6. Nc3 a6 7. h3 c6 8. Qd2 cxd5 9. c5 Nc6 10. Nf3 Re8 11. Bh6 Bh8 12. Bd3 Nb4 13. Bb1 b6 14. a3 Nc6 15. b4 e6 16. 0-0 bxc5 17. bxc5 Na5 18. Ba2 Bd7 19. Rfe1 Bb5 20. Nxb5 axb5 21. Ne5 Nc4 22. Bxc4 bxc4 23. Bg5 Qa5 24. Qf4 Ra7 25. Bxf6 Bxf6 26. Qxf6 Qd8 27. Qxd8 Rxd8 28. Nc6 Rxa3 29. Rxa3 Rc8 30. Ne5 Rc7 31. Ree3 f6 32. Nf3 Kf7 33. Ra6 1-0

[Event "Fortaleza Cearense zt"]
[Site "Fortaleza"]
[Date "2017.10.13"]
[Round "3"]
[White "Farias, Luiz Jadir Pinto"]
[Black "Vacis, Gabriel Nunes"]
[Result "1/2-1/2"]
[WhiteElo "1432"]
[BlackElo "1303"]
[PlyCount "51"]
[EventDate "2017.10.12"]
[EventType "swiss"]
[EventRounds "6"]
[EventCountry "BRA"]
[SourceTitle "CBM 181 Extra"]
[Source "ChessBase"]
[SourceDate "2017.12.12"]
[SourceVersion "1"]
[SourceVersionDate "2017.12.12"]
[SourceQuality "1"]

1. d4 d5 2. Nf3 Nc6 3. g3 Nf6 4. Bg2 e6 5. 0-0 Be7 6. Nbd2 0-0 7. c4 Bd6 8. c5 Be7 9. a3 b6 10. b4 b5 11. Nb3 Bb7 12. Bf4 Nd7 13. Qd3 Ba6 14. Rfe1 f5 15. Qe3 Rf6 16. Qd3 Qc8 17. Ng5 Nf8 18. Nd2 h6 19. Ngf3 Ng6 20. Be5 Rf8 21. h3 Kh7 22. Nf1 Qb7 23. N1h2 Rf7 24. g4 Nh4 25. Nxh4 Bxh4 26. Nf3 1/2-1/2

[Event "Fortaleza Sales Memorial"]
[Site "Fortaleza"]
[Date "2016.05.27"]
[Round "3"]
[White "Nogueira, Jorge da Silva"]
[Black "Farias, Luiz Jadir Pinto"]
[Result "1/2-1/2"]
[WhiteElo "1810"]
[BlackElo "1689"]
[PlyCount "97"]
[EventDate "2016.05.26"]
[EventType "swiss"]
[EventRounds "6"]
[EventCountry "BRA"]
[SourceTitle "CBM 172 Extra"]
[Source "ChessBase"]
[SourceDate "2016.06.21"]
[SourceVersion "1"]
[SourceVersionDate "2016.06.21"]
[SourceQuality "1"]

1. d4 Nf6 2. Nf3 c5 3. c3 d5 4. Nbd2 e6 5. e3 Be7 6. Bd3 0-0 7. 0-0 c4 8. Bc2 Nbd7 9. e4 b5 10. e5 Ne8 11. Qe2 f6 12. Re1 f5 13. Nf1 b4 14. Ng3 bxc3 15. bxc3 Qa5 16. Qd2 Rf7 17. Ne2 Nf8 18. Ng5 Bxg5 19. Qxg5 Ng6 20. Bd2 Bd7 21. h4 Qd8 22. Qxd8 Rxd8 23. g3 Nc7 24. h5 Ne7 25. Kg2 Rb8 26. Rab1 Rff8 27. Nf4 Nb5 28. Ba4 a6 29. Rb2 Rb7 30. Bxb5 Rxb5 31. Rxb5 axb5 32. Rb1 Ra8 33. Rb2 g5 34. hxg6 Nxg6 35. Nh5 Kf7 36. Nf6 Bc6 37. Nxh7 Rg8 38. Ng5+ Ke7 39. Rb1 Rh8 40. Nh3 Ra8 41. Ra1 Kd7 42. Ng5 Ke7 43. a3 Rh8 44. Nf3 Rf8 45. Bg5+ Kd7 46. Rh1 Rh8 47. Rxh8 Nxh8 48. Nh4 Ke8 49. Bf6 1/2-1/2

[Event "Fortaleza Cearense Cup"]
[Site "Fortaleza"]
[Date "2016.04.23"]
[Round "5"]
[White "Laroca, Alvaro Ney"]
[Black "Farias, Luiz Jadir Pinto"]
[Result "0-1"]
[WhiteElo "1530"]
[BlackElo "1475"]
[PlyCount "126"]
[EventDate "2016.04.21"]
[EventType "swiss"]
[EventRounds "5"]
[EventCountry "BRA"]
[SourceTitle "CBM 172 Extra"]
[Source "ChessBase"]
[SourceDate "2016.06.21"]
[SourceVersion "1"]
[SourceVersionDate "2016.06.21"]
[SourceQuality "1"]

1. Nf3 Nf6 2. d4 d5 3. Nc3 Bg4 4. Ne5 Be6 5. Bf4 Nbd7 6. Nb5 c6 7. Nxc6 bxc6 8. Nc7+ Qxc7 9. Bxc7 g6 10. e3 Bg7 11. h3 0-0 12. f3 Rfc8 13. Be5 Nxe5 14. dxe5 Nd7 15. f4 Nc5 16. g4 Ne4 17. Bd3 Rd8 18. Qf3 Rab8 19. Bxe4 dxe4 20. Qf2 Rxb2 21. 0-0 Rdb8 22. f5 Bc4 23. Rfd1 Bxe5 24. fxg6 hxg6 25. Kg2 R2b6 26. h4 Be6 27. g5 Bg4 28. Rf1 Be6 29. Qd2 Bxa1 30. Rxa1 Rb2 31. Kg3 Bd5 32. a4 Bb3 33. Qd4 Bxc2 34. Qxa7 R8b7 35. Qc5 R7b3 36. Kf4 Bd3 37. Qxe7 Rb7 38. Qd6 Rf2+ 39. Ke5 Rf5+ 40. Kd4 Rd5+ 41. Qxd5 cxd5 42. Kxd5 Rb1 43. Rxb1 Bxb1 44. a5 Bd3 45. Kc5 Kg7 46. Kb6 f5 47. gxf6+ Kxf6 48. a6 Bxa6 49. Kxa6 Kf5 50. Kb5 Kg4 51. Kc4 Kxh4 52. Kd4 g5 53. Kxe4 g4 54. Kf4 Kh3 55. e4 g3 56. e5 g2 57. e6 g1Q 58. Ke5 Qg8 59. e7 Qe8 60. Ke6 Kg4 61. Kf6 Kh5 62. Ke6 Kg6 63. Kd6 Kf6 0-1

[Event "Fortaleza Schoonenborch U2000"]
[Site "Fortaleza"]
[Date "2016.02.14"]
[Round "5"]
[White "Farias, Luiz Jadir Pinto"]
[Black "De Lima, Nilo Fernandes"]
[Result "1/2-1/2"]
[WhiteElo "1442"]
[BlackElo "1713"]
[PlyCount "79"]
[EventDate "2016.02.11"]
[EventType "swiss"]
[EventRounds "6"]
[EventCountry "BRA"]
[SourceTitle "CBM 170 Extra"]
[Source "ChessBase"]
[SourceDate "2016.02.25"]
[SourceVersion "1"]
[SourceVersionDate "2016.02.25"]
[SourceQuality "1"]

1. d4 Nf6 2. c4 e6 3. Nc3 d5 4. cxd5 exd5 5. Bg5 Nbd7 6. Nxd5 Nxd5 7. Bxd8 Bb4+ 8. Qd2 Bxd2+ 9. Kxd2 Kxd8 10. e4 N5b6 11. Bd3 Nf6 12. f3 Re8 13. Ne2 Bd7 14. Nc3 Rc8 15. a4 a5 16. Rhe1 g5 17. b3 h5 18. Rac1 c5 19. d5 c4 20. bxc4 Nxc4+ 21. Bxc4 Rxc4 22. Kd3 Rc8 23. Kd4 Ke7 24. e5 Ng8 25. g3 Kf8 26. Rb1 Rb8 27. Ne4 Bf5 28. Rb5 Bxe4 29. fxe4 Ne7 30. Rf1 Kg7 31. Rf6 Red8 32. d6 Nc6+ 33. Kd5 Re8 34. Rf5 Re6 35. Rxg5+ Kh6 36. Rf5 Kg6 37. h4 Rbe8 38. Rxb7 Nxe5 39. d7 Nxd7 40. Rxd7 1/2-1/2

[Event "Fortaleza Schoonenborch U2000"]
[Site "Fortaleza"]
[Date "2016.02.14"]
[Round "6"]
[White "Pinheiro, Jose Welliton"]
[Black "Farias, Luiz Jadir Pinto"]
[Result "1-0"]
[WhiteElo "1777"]
[BlackElo "1442"]
[PlyCount "51"]
[EventDate "2016.02.11"]
[EventType "swiss"]
[EventRounds "6"]
[EventCountry "BRA"]
[SourceTitle "CBM 170 Extra"]
[Source "ChessBase"]
[SourceDate "2016.02.25"]
[SourceVersion "1"]
[SourceVersionDate "2016.02.25"]
[SourceQuality "1"]

1. e4 e5 2. Nf3 Nc6 3. Bc4 Nf6 4. Ng5 d5 5. exd5 Nxd5 6. Nxf7 Qh4 7. Bxd5 Bc5 8. g3 Qd4 9. Qf3 Bg4 10. Bxc6+ bxc6 11. Qxc6+ Bd7 12. Qxa8+ Kxf7 13. Qf3+ Ke7 14. c3 Qd6 15. d4 exd4 16. Bg5+ Ke8 17. 0-0 h6 18. Re1+ Be6 19. Bf4 Qd7 20. Qa8+ Kf7 21. Qxh8 Bh3 22. Qe8+ Qxe8 23. Rxe8 Kxe8 24. cxd4 Bxd4 25. Nc3 a6 26. Bxc7 1-0